Responses for Show #3725 - Friday, November 10, 2000

2000-B College Championship quarterfinal game 3.
From the University of Washington in Seattle.

Contestants

[<< previous game]

John Williams, a junior at George Washington University from Bowling Green, Ohio

Pam Mueller, a junior at Loyola University, Chicago from Wilmette, Illinois

Jonah Knobler, a sophomore at Harvard University from Cincinnati, Ohio

[next game >>]

Jeopardy! Round responses

SCULPTURE
"the ONION"
(Alex: That's the satirical newspaper.)
BODIES OF WATER
SKATEBOARDERS
BEASTLY RHYME TIME
BORE & GUSH
(Alex: No political commentaries, please!)
    $100 1
the Louvre

Pam
    $100 16
Earth Day

Pam
    $100 21
the Mississippi & the Missouri

John
    $100 26
Bart Simpson

Jonah
    $100 3
a dark shark

John
    $100 11
OPEC (Organization of Petroleum Exporting Countries)

John
    $200 2
Japan

Pam
    $200 17
J. Edgar Hoover

Jonah
    $200 22
the Tigris & the Euphrates

Jonah
    $200 27
trucks

Pam
    $200 5
a snake cake

Jonah
    $200 12
a seismograph

Jonah
    $300 4
Edgar Degas

Pam
    $300 18
Russia

John
    $300 23
Lake Victoria

John
    $300 28
Thrasher

John
    $300 8
a foul owl

Jonah
    $300 13
the neck

John
    $400 6
Egypt

Jonah
    $400 19
Hong Kong

John
    $400 24
Indian Ocean

Jonah
    $400 29
(Pam: What is a hardy?)

Ollie

Pam
Triple Stumper
    $400 9
a fox box

Pam
    $500 14
(John: What is Alaska?)

Pennzoil (Pennsylvania)

John
    $500 7
Auguste Rodin

Jonah
    $500 20
Apple

Jonah
    $500 25
(Alex: With a minute to go.)

Aegean Sea

Jonah
    $500 30
Hawk

Jonah
    $500 10
a shaven raven

Pam
    $500 15
Teapot Dome

Jonah

Scores at the first commercial break (after clue 15):

Jonah Pam John
$2,100 $1,500 $0

Scores at the end of the Jeopardy! Round:

Jonah Pam John
$4,500 $1,400 $1,400

Double Jeopardy! Round responses

WOMEN IN HISTORY
WASHINGTON MUSICIANS
INSPIRED CHARACTERS
WATCH YOUR TONGUE
ANSWERS TO YOUR FINALS
I GOT AN "F"!
    $200 21
Eva Peron

Jonah
    $200 26
Nirvana

Pam
    $200 1
Moby Dick

Pam
    $200 11
(Jonah: What is French?)

Portuguese

JonahJohn
    $200 16
reindeer

Jonah
    $200 6
Flying

John
    $400 22
Rachel Carson

Jonah
    $400 27
Jimi Hendrix

Pam
    $400 2
Saul Bellow

Triple Stumper
    $400 12
Cornwall

Jonah
    $400 17
Castor & Pollux

Pam
    $400 7
fluff

John
    $1,000 23
(Jonah: I have no idea.)
(Alex: The Underground Railroad.)

Harriet Tubman

Jonah
    $600 28
Eddie Vedder

Jonah
    $600 3
John Steinbeck

Jonah
    $2,500 13
(Jonah: What is Zulu?)

Swahili

Jonah
    $600 18
Wolf

Triple Stumper
    $600 8
the flu

Pam
    $800 24
Isabella

Jonah
    $800 29
Soundgarden

Triple Stumper
    $800 4
Thomas Hardy

Pam
    $800 14
Kemal Ataturk

John
    $800 19
repeating

Jonah
    $800 9
a feedbag

Pam
    $1000 25
(Alex: That's a not-so-flattering portrait of [*]. Jonah, less than a minute to go to deal with WASHINGTON MUSICIANS.)

Carrie Nation

Triple Stumper
    $1000 30
Riven

Jonah
    $1000 5
Theodore Dreiser

Jonah
    $1000 15
Tamil

John
    $1000 20
Mary I

John
    $1000 10
fawning

Jonah

Scores at the end of the Double Jeopardy! Round:

Jonah Pam John
$7,800 $4,800 $5,000

Final Jeopardy! Round responses

ANNUAL EVENTS
PamWhat is "Take Your Daughters To Work" Day?
$3,001
JohnWhat is national KE (Kappa Sigma) day?
$1,000
JonahWhat is "Take your Daughter to work Day?
$2,201
"Take Your Daughter to Work" Day

Final scores:

Jonah Pam John
$10,001 $7,801 $4,000
Automatic semifinalist 2nd place: $2,500 if eliminated 3rd place: $2,500 if eliminated

Game dynamics:

Coryat scores:

Jonah Pam John
$11,300 $4,800 $5,500
24 R,
3 W
(including 2 DDs)
14 R,
1 W
14 R,
1 W
(including 1 DD)

Combined Coryat: $21,600

[game clues] [game scores] [suggest correction]

Game tape date: 2000-09-15
The J! Archive is created by fans, for fans. Scraping, republication, monetization, and malicious use prohibited; this site may use cookies and collect identifying information. See terms. The Jeopardy! game show and all elements thereof, including but not limited to copyright and trademark thereto, are the property of Jeopardy Productions, Inc. and are protected under law. This website is not affiliated with, sponsored by, or operated by Jeopardy Productions, Inc. Join the discussion at JBoard.tv.